000 01154cam a22002651i 4500
003 SA_RiAUC
005 20250102054745.0
008 250102s2005____ua g 000 0 ara c
040 _aSA-MaBBL
_bara
_cSA-RiAUC
_erda
082 0 4 _a253.82
_qSA-RiAUC
090 _a253.82
_bا ب ن ج
100 1 _aابن جماعة، محمد بن إبراهيم بن سعد الله،
_d639-733 هجري
_eمؤلف.
245 1 0 _aتنقيح المناظرة في تصحيح المخابرة /
_cمحمد بن إبراهيم بن سعد الله بن جماعة ؛ دراسة و تحقيق و تعليق ابو الياس علي عزوز
250 _aالطبعة الأولى.
264 1 _aبيروت :
_bدار ابن حزم،
_c2006.
300 _a124 صفحة ؛
_c22 سم
336 _aنص
_btxt
_2rdacontent
_3كتاب
337 _aبدون وسيط
_bn
_2rdamedia
338 _aمجلد
_bnc
_2rdacarrier
650 7 _aالمزارعة (فقه إسلامي)
_2aucsh
650 7 _aالمساقاة (فقه إسلامي)
_2aucsh
700 1 _aعزوز، ابو الياس علي.
_eمحقق.
942 _2ddc
_cBOOK
949 _aSA-JeALM
_d250102
_ukhaled123
_n1
999 _c4316
_d4316